| 000 | 00878cam a22002054a 4500 | ||
|---|---|---|---|
| 005 | 20250605164145.0 | ||
| 008 | 250528s ||||||||||||||||||||||||d | ||
| 035 | _a19139 | ||
| 020 | _a452009774 | ||
| 040 |
_aGR-AtMCL _bgre _dGR-AtMCL _eAACR2 |
||
| 245 | 1 | _aThe New American Roget's College Thesaurus / In Dictionary Form | |
| 250 | _a1st | ||
| 260 |
_bNew American Library, _c1985 |
||
| 300 | _a650 | ||
| 520 | _aThis reference work supplies at a glance the precise words and phrases you need to express your ideas most clearly and effectively. Simple to Use, No Index Required, Over 20.000 New Words and Phrases and 1.500 Additional Entries, Improved Cross-Referencing, Find More Words Faster, New Easy to Read Double-Column Format, Latest Colloquial and Slang Terms. | ||
| 700 | 1 |
_aMorehead Philip D _95384 |
|
| 942 | _cBK | ||
| 999 |
_c4417 _d4417 |
||